Eastern Utah Libraries Catalog: Duchesne, Heber, Roosevelt, & Vernal

Santa's New Beard (Record no. 369035)

MARC details
000 -LEADER
fixed length control field 00552nam a22002297a 4500
003 - CONTROL NUMBER IDENTIFIER
control field UtVeUCL
005 - DATE AND TIME OF LATEST TRANSACTION
control field 20220105145727.0
008 - FIXED-LENGTH DATA ELEMENTS--GENERAL INFORMATION
fixed length control field 220105b |||||||| |||| 00| 0 eng d
020 ## - INTERNATIONAL STANDARD BOOK NUMBER
International Standard Book Number 1685050840
020 ## - INTERNATIONAL STANDARD BOOK NUMBER
International Standard Book Number 9781685050849
040 ## - CATALOGING SOURCE
Original cataloging agency DCL
Description conventions rda
092 ## - LOCALLY ASSIGNED DEWEY CALL NUMBER (OCLC)
Classification number E
100 ## - MAIN ENTRY--PERSONAL NAME
Personal name Crowe, Caroline
9 (RLIN) 6011277
245 ## - TITLE STATEMENT
Title Santa's New Beard
264 ## - Production, Publication, Distribution, Manufacture, and Copyright Notice.
Place of production, publication, distribution, manufacture London :
Name of producer, publisher, distributor, manufacturer Faber & Faber,
Date of production, publication, distribution, manufacture, or copyr 2019.
300 ## - PHYSICAL DESCRIPTION
Extent pages :
700 ## - ADDED ENTRY--PERSONAL NAME
Personal name Pauwels, Jess
9 (RLIN) 6437785
942 ## - ADDED ENTRY ELEMENTS (KOHA)
Source of classification or shelving scheme Dewey Decimal Classification
Koha item type BOOK
Holdings
Withdrawn status Lost status Source of classification or shelving scheme Damaged status Not for loan Collection code Home library Current library Shelving location Date acquired Source of acquisition Total Checkouts Total Renewals Full call number Barcode Date last seen Date checked out Cost, replacement price Price effective from Koha item type
    Dewey Decimal Classification     Children Holiday Books Wasatch County Library Wasatch County Library Main Floor Childrens Area 02/24/2022 Penworthy 10 5 E Christmas Crowe 34301001822123 02/11/2026 12/17/2025 20.99 02/24/2022 BOOK
This project was made possible through a grant from the Institute of Museum and Library Service administered by the Utah State Library Division.

Wasatch County Library

  • 465 East 1200 South, Heber City, Utah 84032
  • Phone 435-654-1511 | Fax 435-654-6456

Hours

  • Monday - Friday 9:30 AM - 8:00 PM
  • Saturday 9:30 AM - 1:30 PM
  • Closed Sundays and Holidays